00869nam a2200169 a 450000100100000000500170001000800410002704000250006811000820009324502100017526000780038530000280046304900160049104900090050795201660051699900170068200003241020200930065627.0110715s1934 dr c 000 0 spa d aDO-SdBNPbspacBNPHU1 aRepública Dominicana.bCámara de Comercio, Industria y Agricultura95834410aMemoria sintética que sobre la labor realizada durante el año 1933 presenta el Sr. J. Antonio Hungria, secretario general de la institución, ante la Asamblea General celebrada el 29 de enero de 1934. a[Ciudad Trujillo, República Dominicana] :bImprenta La Nación,c1934. a157 p. :bretr.b23 cm. axxxxbR426m aBNPD 0010718PDaPDbPDcCTd2011-07-15iLF1l0o p32410-10r2020-06-25w2020-06-25yLFPDzPerteneció a la biblioteca personal de Julio Ortega FrierZNo se presta c31901d31901